| 000 | 01979nam1a2200373 i 4500 | ||
|---|---|---|---|
| 001 | RU\NLR\BIBL_A\016219878 | ||
| 005 | 20241101042156.0 | ||
| 010 | _a9785759826873 | ||
| 035 | _a(NLR Aleph) 016219878 | ||
| 090 |
_a12735021 _c12735021 |
||
| 100 | _a20221128g20229999k y0rusy50 ba | ||
| 101 | 0 | _aeng | |
| 102 | _aRU | ||
| 105 | _a||||z ||||| | ||
| 181 | 0 |
_ai _baxxe |
|
| 182 | 0 | _an | |
| 200 | 1 |
_aManagement practices of Russian companies _ecases from the collection of the HSE graduate school of business _ein 2 vol. _fP. Artamoshina, A. Vinogradov M. Gorgisheli [et al.] _gedited by S. Kushch, Doctor of sciences, Professor _gNational research university, Higher school of econimics, Graduate school of business |
|
| 203 |
_aТекст _bвизуальный _cнепосредственный |
||
| 210 |
_aMoscow _cHigher school of econimics publishing house _d2022 |
||
| 215 | _d21 | ||
| 300 | _aАвт. указаны на обороте тит. с. | ||
| 541 | 1 |
_aПрактика управления российскими компаниями _eкейсы из коллекции Высшей школы бизнеса НИУ ВШЭ |
|
| 606 | 1 |
_aМенеджмент _yРоссийская Федерация _92081414 _3RU\NLR\AUTH\661257394 |
|
| 686 | 1 | _aУ21(2)9(2Р) | |
| 701 | 1 |
_7ba _8rus _aArtamošina _bP. S. _gPolina Sergeevna _9250713 _3RU\NLR\AUTH\770250769 |
|
| 701 | 1 |
_7ba _8rus _aVinogradov _bA. B. _cканд. экон. наук _f1979- _gAndrej Borisovič _9250716 _3RU\NLR\AUTH\770250772 |
|
| 701 | 1 |
_7ba _8rus _aGorgišeli _bM. V. _gMarija Vasil'evna _9250737 _3RU\NLR\AUTH\770250793 |
|
| 702 | 1 |
_4340 _7ba _8rus _aKušč _bS. P. _f1955- _gSergej Pavlovič _9250747 _3RU\NLR\AUTH\770250803 |
|
| 711 | 0 | 2 |
_7ba _8eng _aNational research university - Higher school of economics _bGraduate school of business _cMoscow _9829454 _3RU\NLR\AUTH\880581844 |
| 852 |
_aNLR _jИк 2022-3/452 |
||
| 942 | _cBOOK | ||